000 02674cam a22005414i 4500
003 PE-LiUPU
005 20250731173245.0
008 150616s r 000 0 d
035 _a(Sirsi) a3543
040 _aPE-LiUPU
_bspa
_cPE-LiUPU
_erda
049 _aPRUA
082 0 4 _a253
_bB57
_221
100 1 _aBlackwood, Andrew Watterson,
_eautor.
245 1 0 _aPastoral work :
_bA source book for ministers.
264 1 _aPhiladelphia :
_bThe Westminster Press,
_c1945.
300 _a252 páginas ;
_c21 cm.
336 _atext
_2rdacontent
337 _aunmediated
_2rdamedia
338 _avolume
_2rdacarrier
504 _aIncluye notas bibliográficas.
505 0 _aThe rediscovery of the need -- The minister after de war -- The difficulties of de work -- The first days in the new field -- The making of a general plan -- The place of the pastor's wife -- The call in a typical home -- The usefulness of a kit bag -- The help of the mail carrier -- The blessing on the new house -- The concern about newcomers -- The openings for evangelism -- The treatment of especial cases -- The handling of moral problems -- The attitude toward sex tangles -- The value of a "Pastor's hours".
526 _aSEG42
526 _aSEG41
526 _aSEG40
526 _aSEG39
526 _aP94
526 _aP87
526 _aP86
526 _aP85
526 _aP77
526 _aP76
526 _aP35
650 0 4 _aETICA PASTORAL.
650 0 4 _aTEOLOGIA PASTORAL.
_91381
910 _ajck
_bjvq
_cjck
942 _2ddc
_cBOOK
949 _a253 B57
_wDEWEY
_c1
_i03285
_lCCODEBUL1
_mBUL
_p00.00
_r0
_sY
_tBOOK
_u19921016
_xTEOLOGIA
_zUNKNOWN
_0COMPRA
_o.STAFF. Colección General
949 _a253 B57
_wDEWEY
_c2
_i06329
_lCCODEBUL1
_mBUL
_p00.00
_r0
_sY
_tBOOK
_u2015-04-23
_xBIBLIOTECA
_zUNKNOWN
_0COMPRA
_o.STAFF. Colección General
949 _a253 B57
_wDEWEY
_c3
_i12138
_lCCODEBUL1
_mBUL
_p00.00
_r0
_sY
_tBOOK
_u2015-04-23
_xBIBLIOTECA
_zUNKNOWN
_0COMPRA
_o.STAFF. Colección General
994 _aC0
_bPEPRU
596 _a1
999 _a253 B57
_wDEWEY
_c43393
_i03285
_d43393
_f2021-11-12
_g5
_lCCODEBUL1
_mBUL
_q1
_r0
_sY
_tBOOK
_u2015-6-16
_xTEOLOGIA
_zUNKNOWN
_0COMPRA
_o.STAFF. Colección General
999 _a253 B57
_wDEWEY
_c2
_i06329
_d2019-8-19
_f2019-12-10
_g4
_lDISCARD
_mBUL
_q2
_r1
_sY
_tBOOK
_u2015-4-23
_xTEOLOGIA
_zUNKNOWN
_0COMPRA
_o.STAFF. Colección General
999 _a253 B57
_wDEWEY
_c3
_i12138
_f2019-12-26
_g4
_lDISCARD
_mBUL
_r1
_sY
_tBOOK
_u2015-4-23
_xTEOLOGIA
_zUNKNOWN
_0COMPRA
_o.STAFF. Colección General
980 _81
_gALBERTO SANCHEZ Responsable de Automatización